000 01139nam a2200289Ia 4500
003 CO-BoRNBP
005 20231007222748.0
008 141031s9999 ck 000 0 spa d
020 _a978958993705
040 _aCO-BoRNBP
_bspa
_erda
_cCO-BoRNBP
082 0 4 _a398.0986137 F663f
_222
100 1 _aCortés de Piñeros, María
_93028
245 1 0 _aFolclor colombiano
_bdepartamento de Boyacá
_cMaría Cortés de Piñeros... [y otros]
250 _a1a edición
264 _aBogotá
_bPatronato Colombiano de Artes y Ciencias
_c2010
300 _a267 páginas
_bilustraciones
_c25 cm.
336 _atexto
_btxt
_2rdacontent
337 _asin mediación
_bn
_2rdamedia
338 _avolumen
_bnc
_2rdacarrier
500 _aEste es un numero suelto de la revista Nueva Revista Colombiana de Folclor. Incluye índice
650 1 4 _2LEMB
_aMúsica folclórica
_zBoyacá (Colombia)
_912109
650 1 4 _2LEMB
_aFolclor
_zBoyacá (Colombia)
_912110
651 1 4 _aBoyacá (Colombia)
_xDanzas populares nacionales
_912097
651 1 4 _aBoyacá (Colombia)
_xMitos y leyendas
_912098
700 1 _aCortés de Piñeros, María
_edirector
_93028
942 _2ddc
_cBK
999 _c1934
_d1934